Plus grosses chaines de montagnes du monde - Statistiques

Statistiques générales
  • Ce quiz a été pris 61 fois
  • Le résultat moyen est 3 sur 10
Statistiques - réponses
Longueur Montagnes % Correct
2 400 km Himalaya
92%
9 000 km Cordillère des Andes
88%
3 000 km Montagnes rocheuses
57%
2 500 km Oural
45%
2 400 km Appalaches
33%
3 500 km Cordillère australienne
14%
2 500 km Tian Shan
6%
3 000 km Cordillère du Kunlun
2%
3 200 km Chaîne Transantarctique
0%
2 500 km Massif de l'Atlas
0%
Aucun quiz correspondant
Distribution des résultats
% des personnes avec chaque résultat
Percentile par nombre de réponses
Votre historique - résultats
Vous n’avez pas pris ce quiz